000 00572nam a2200205Ia 4500
003 GCL
008 140319s9999 xx 000 0 eng d
040 _aGCL /
_cGCL
082 0 4 _a005.43
_bS U
100 1 _aSMITH, MARK W.
245 1 0 _aUSING MICROFOCUS COBOL WORKBENCH /
_cSMITH, MARK W.
700 1 _aCOKER, DOUGLAS
260 _a[S.N] :
_bBUSINESS AND EDUCATIONAL TECHNOLOGY
300 _a135 P
650 0 4 _aشعر الحرب
650 0 4 _aPROGRAMMING
650 0 4 _aELECTRONIC COMPUTER
650 0 4 _aCOBOL - 85 [COMPUTER PROGRAM LANGUAGE )
942 _2ddc
_cBK
999 _c22713
_d22713